MARC

LEADER 00000nam0a2200000 4500
001 236466
005 20231031204709.0
010 |b 2000 экз. 
035 |a (RuTPU)RU\TPU\book\257630 
090 |a 236466 
100 |a 20130424d1927 m y0rusy50 ca 
101 1 |a ger 
102 |a RU 
105 |a a z 000zy 
200 1 |a Двигатели "Дизель" повышенной мощности  |f М. Зейлигер  |g под ред. инж.-мех. Г. Г. Калиш ; пер. с нем. инж.-мех. В. А. Туркус 
210 |a Москва  |c МАКИЗ  |d 1927 
215 |a 292 с.  |c черт. 
225 1 |a Библиотека по двигателям внутреннего сгорания 
610 1 |a двигатели внутреннего сгорания 
610 1 |a дизельные двигатели 
610 1 |a наддув 
610 1 |a быстроходные дизели 
675 |a 621.43  |v 3 
700 1 |a Зейлигер  |b М. 
702 1 |a Калиш  |b Г. Г.  |4 340 
702 1 |a Туркус  |b В. А.  |4 730 
801 1 |a RU  |b 63413507  |c 20130424 
801 2 |a RU  |b 63413507  |c 20130424  |g RCR 
942 |c BK